000
00325nam a2200121Ia 4500
008
240624s9999 xx 000 0 und d
041
_a
eng
082
_a
302.23068 WAD
100
_a
WADE JOHN
245
_a
DEALING EFFECTIVELY WITH THE MEDIA WHAT
260
_c
2004
_a
New Delhi
_b
Viva Books
300
_a
iv, : 83 : p. : cm. ; 21
999
_c
21511
_d
21511